Tchaikovsky / (Record no. 292772)
[ view plain ]
| 000 -LEADER | |
|---|---|
| fixed length control field | 00499nam a2200157Ia 4500 |
| 008 - FIXED-LENGTH DATA ELEMENTS--GENERAL INFORMATION | |
| fixed length control field | 160319s9999 xx 000 0 und d |
| 245 ## - TITLE STATEMENT | |
| Title | Tchaikovsky / |
| 260 ## - PUBLICATION, DISTRIBUTION, ETC. (IMPRINT) | |
| Name of publisher, distributor, etc | Megamedia Corporation. |
| 300 ## - PHYSICAL DESCRIPTION | |
| Extent | 1 sound disc (ca. 63 min.) : |
| 300 ## - PHYSICAL DESCRIPTION | |
| Other physical details | digital, stereo ; |
| 300 ## - PHYSICAL DESCRIPTION | |
| Dimensions | 4 3/4 in. |
| 650 ## - SUBJECT ADDED ENTRY--TOPICAL TERM | |
| Topical term or geographic name as entry element | Classical music. |
| 650 ## - SUBJECT ADDED ENTRY--TOPICAL TERM | |
| Topical term or geographic name as entry element | Concertos (Violin and piano with string ensemble) |
| 650 ## - SUBJECT ADDED ENTRY--TOPICAL TERM | |
| Topical term or geographic name as entry element | Concertos (Violin with instrumental ensembel) |
| 650 ## - SUBJECT ADDED ENTRY--TOPICAL TERM | |
| Topical term or geographic name as entry element | Tchaikovsky, Peter Ilich, 1840-1893. |
| Withdrawn status | Lost status | Damaged status | Home library | Current library | Date acquired | Total Checkouts | Barcode | Date last seen | Price effective from | Koha item type |
|---|---|---|---|---|---|---|---|---|---|---|
| Stonyhurst Southville International School (Batangas) | Stonyhurst Southville International School (Batangas) | 03/19/2016 | AV-375 | 03/19/2016 | 03/19/2016 | Audio Visual Materials |